Normal view
MARC view
Entry Topical Term
001 - CONTROL NUMBER
- control field: 27426
003 - CONTROL NUMBER IDENTIFIER
- control field: ARRUPE
005 - DATE AND TIME OF LATEST TRANSACTION
- control field: 20161110145414.0
008 - FIXED-LENGTH DATA ELEMENTS
- fixed length control field: 161110|| aca||aabn | a|a d
040 ## - CATALOGING SOURCE
- Original cataloging agency: ARRUPE
- Transcribing agency: ARRUPE
150 ## - HEADING--TOPICAL TERM
- Topical term or geographic name as entry element: International relations
- General subdivision: Research.
670 ## - SOURCE DATA FOUND
- Source citation: Work cat.: (ARRUPE)0: Scott, Andrew MacKay. 25780, The functioning of the international political system, 1967